PSYCHOLOGICAL PERSPECTIVES ON STRESS AND HEALTH (Record no. 47941)

000 -LEADER
fixed length control field 00356nam a2200145Ia 4500
008 - FIXED-LENGTH DATA ELEMENTS--GENERAL INFORMATION
fixed length control field 250402s9999 xx 000 0 und d
020 ## - INTERNATIONAL STANDARD BOOK NUMBER
International Standard Book Number 8170227852
082 ## - DEWEY DECIMAL CLASSIFICATION NUMBER
Classification number 616
Item number MIS-P
100 ## - MAIN ENTRY--PERSONAL NAME
Personal name MISRA GIRISHWAR
245 #0 - TITLE STATEMENT
Title PSYCHOLOGICAL PERSPECTIVES ON STRESS AND HEALTH
250 ## - EDITION STATEMENT
Edition statement 1
260 ## - PUBLICATION, DISTRIBUTION, ETC.
Name of publisher, distributor, etc. CONCEPT PUBLISHING
Date of publication, distribution, etc. 1999
300 ## - PHYSICAL DESCRIPTION
Extent 352
942 ## - ADDED ENTRY ELEMENTS (KOHA)
Koha item type Reference Book
Holdings
Withdrawn status Lost status Damaged status Not for loan Collection code Permanent Location Current Location Shelving location Date acquired Full call number Barcode Date last seen Price effective from Koha item type
        School of Humanities (Noida) Maharishi School of Science & Humanities (Lucknow) Maharishi School of Science & Humanities (Lucknow) R67S4 2025-04-02 800 9210 2025-09-09 2025-04-02 Reference Book

All Rights Reserved@MUIT

Powered by Koha